Κατάλογος Βιβλιοθηκών Mediterranean College

Παίζω με τον Φρίξο στο σπίτι : (Record no. 10002)

MARC details
000 -LEADER
fixed length control field 02080nam a22001937a 4500
003 - ΤΑΥΤΟΤΗΤΑ ΤΟΥ ΑΡΙΘΜΟΥ ΕΛΕΓΧΟΥ
Πεδίο ελέγχου GR-AtMCL
005 - ΗΜΕΡΟΜΗΝΙΑ ΚΑΙ ΩΡΑ ΤΕΛΕΥΤΑΙΑΣ ΕΝΗΜΕΡΩΣΗΣ
Πεδίο ελέγχου 20251223121917.0
006 - FIXED-LENGTH DATA ELEMENTS--ADDITIONAL MATERIAL CHARACTERISTICS
Πεδίο ελέγχου σταθερού μήκους a|||||r|||||||||||
008 - FIXED-LENGTH DATA ELEMENTS--GENERAL INFORMATION
Πεδίο ελέγχου σταθερού μήκους s2022||||gr a||||||||||||||||gre|
020 ## - ISBN
ISBN 9789605110635
040 ## - ΠΗΓΗ ΚΑΤΑΛΟΓΟΓΡΑΦΗΣΗΣ
Φορέας πρωτότυπης καταλογογράφησης MC Athens Campus Library
Γλώσσα καταλογογράφησης Ελληνικά, Μοντέρνα (1453-)
Modifying agency MC Athens Campus Library
245 10 - ΤΙΤΛΟΣ ΚΑΙ ΔΗΛΩΣΗ ΥΠΕΥΘΥΝΟΤΗΤΑΣ
Τίτλος Παίζω με τον Φρίξο στο σπίτι :
Remainder of title μαθαίνω για το σώμα μου και τις διαπροσωπικές σχέσεις /
Statement of responsibility, etc. Μαργαρίτα Γερούκη, Έλενα Βιταλάκη, Αθηνά Τριαματάκη, Δέσποινα Μαυράκη
264 #1 - PRODUCTION, PUBLICATION, DISTRIBUTION, MANUFACTURE, AND COPYRIGHT NOTICE
Place of production, publication, distribution, manufacture Αθήνα :
Name of producer, publisher, distributor, manufacturer Εκδόσεις Μαραθιά,
Date of production, publication, distribution, manufacture, or copyright notice [2022]
300 ## - PHYSICAL DESCRIPTION
Extent 75 σελ. ;
Διαστάσεις 28 εκ.
520 ## - SUMMARY, ETC.
Summary, etc. Το ΠΑΙΖΩ ME TON ΦΡΙΞΟ ΣΤΟ ΣΠΙΤΙ είναι ένα τετράδιο δραστηριοτήτων για παιδιά ηλικίας 5-8 ετών. Δημιουργήθηκε με στόχο να δώσουμε επιπλέον εργαλεία στους γονείς, που θέλουν με δημιουργικό τρόπο να υποστηρίξουν τα παιδιά τους στο ταξίδι της γνώσης για το σώμα και τις διαπροσωπικές σχέσεις, της κατανόησης των θεμάτων σεξουαλικής εκπαίδευσης και την απαρχή για την προστασία από τη σεξουαλική κακοποίηση. Οι δραστηριότητες ακολουθούν τη δομή του βραβευμένου, εκπαιδευτικού προγράμματος "Παίζω με τον Φρίξο". Στις οδηγίες για τους γονείς θα βρείτε τεκμηριωμένη τη στοχοθεσία της κάθε ενότητας, μια σύντομη περιγραφή των δραστηριοτήτων, καθώς και οδηγίες για να βοηθήσετε τα παιδιά σας να τις υλοποιήσουν.
650 #0 - SUBJECT ADDED ENTRY--TOPICAL TERM
Topical term or geographic name entry element Εκπαίδευση, Προσχολική
9 (RLIN) 9952
942 ## - ADDED ENTRY ELEMENTS (KOHA)
Koha item type Books
Holdings
Τύπος τεκμηρίου Βιβλιοθήκη Τρέχουσα τοποθεσία Barcode Αριθμός εισαγωγής Ημερομηνία απόκτησης Ταξιθετικό σύμβολο Αριθμός αντιτύπου Κατάσταση απόσυρσης Κατάσταση χαμένου Κατάσταση κατεστραμμένου Μη δανεισμός Σύνολο δανεισμών Ημερομηνία τελευταίας εμφάνισης Η τιμή ισχύει από
Books MC Athens Campus Library MC Athens Campus Library 9780000100085 8207 23/12/2025 372.2 ΓΕΡ 1           23/12/2025 23/12/2025

MC Athens Campus Library
Πατησίων 94 & Κοδριγκτώνος 13, 104 34
Πελλήνης 8 & Πατησίων 107, 112 51
Τ: +30 210 8899600

MC Thessaloniki Campus Library
Ίωνος Δραγούμη 21, 54625 | Ίωνος Δραγούμη 15, 54625
Τ: +30 2310 287779 – Τ: +30 2314 440300